Trenerzy Chelsea F.C w XXI wieku. - Statystyki

Ogólne statystyki
  • Ten quiz został rozwiązany 175 razy
    151 od ostatniego zresetowania
  • Średni wynik to 9 z 14
Statystyki odpowiedzi
Lata Kraj Odpowiedź % Poprawnych
2004-2007 Portugalia Jose Mourinho
95%
2013-2015 Portugalia Jose Mourinho
95%
2019- Anglia Frank Lampard
90%
2016-2018 Włochy Antonio Conte
89%
2018-2019 Włochy Maurizio Sarri
79%
2009-2011 Włochy Carlo Ancelotti
73%
2012 Włochy Roberto Di Matteo
68%
2011-2012 Portugalia Andre Villas-Boas
52%
2009 Holandia Guus Hiddink
50%
2015-2016 Holandia Guus Hiddink
50%
2000-2004 Włochy Claudio Ranieri
44%
2012-13 Hiszpania Rafael Benitez
44%
2007-2008 Izrael Awram Grant
39%
2008-2009 Brazylia Luiz Felipe Scolari
39%
Nie znaleziono quizów pasujących do podanych kryteriów
Rozkład punktacji
Procent ludzi z każdym wynikiem
Percentyl według liczby udzielonych odpowiedzi
Twoja historia wyników
Nie rozwiązałeś tego quizu od ostatniego zresetowania